40 Years of Sportstar 40 Superstars (Record no. 47270)

MARC details
000 -LEADER
fixed length control field 00576nam a22001817a 4500
005 - DATE AND TIME OF LATEST TRANSACTION
control field 20260218121430.0
008 - FIXED-LENGTH DATA ELEMENTS--GENERAL INFORMATION
fixed length control field 260218b |||||||| |||| 00| 0 eng d
020 ## - INTERNATIONAL STANDARD BOOK NUMBER
International Standard Book Number 9789387791589
040 ## - CATALOGING SOURCE
Transcribing agency VITAP
082 ## - DEWEY DECIMAL CLASSIFICATION NUMBER
Edition number 23rd Ed.
Classification number 796.092 HIN
100 ## - MAIN ENTRY--PERSONAL NAME
Personal name The Hindu Group
9 (RLIN) 17059
245 ## - TITLE STATEMENT
Title 40 Years of Sportstar 40 Superstars
Statement of responsibility, etc. / The Hindu Group and Sportstar
260 ## - PUBLICATION, DISTRIBUTION, ETC.
Place of publication, distribution, etc. Chennai
Name of publisher, distributor, etc. THG (The Hindu Group) Publishing Private Limited
Date of publication, distribution, etc. 2024
300 ## - PHYSICAL DESCRIPTION
Extent 279p. : ill. ; 24cm
650 #0 - SUBJECT ADDED ENTRY--TOPICAL TERM
Topical term or geographic name entry element Sports - India - Biography
9 (RLIN) 17079
700 ## - ADDED ENTRY--PERSONAL NAME
Personal name Sportstar
9 (RLIN) 17074
942 ## - ADDED ENTRY ELEMENTS (KOHA)
Source of classification or shelving scheme Dewey Decimal Classification
Koha item type Reference Book
Holdings
Withdrawn status Lost status Source of classification or shelving scheme Materials specified (bound volume or other part) Damaged status Not for loan Collection code Home library Current library Shelving location Date acquired Source of acquisition Cost, normal purchase price Inventory number Total Checkouts Full call number Barcode Date last seen Cost, replacement price Price effective from Koha item type Public note
    Dewey Decimal Classification Hard Bound     Reference School of Business & General Section VIT-AP Reference 2026-01-12 The Hindu Group of Publications 999.00 9001173329   796.092 HIN 025465 2026-02-18 999.00 2026-01-12 Reference Book GEN

Visitor Number: